All train stations in Hertfordshire - Statistics

General Stats
  • This quiz has been taken 163 times
  • The average score is 29 of 47
Answer Stats
Group Answer % Correct
East Coast main line Stevenage
90%
West Coast main line Watford Junction
90%
East Coast main line Welwyn Garden City
84%
Hertford East branch line Hertford East
81%
East Coast main line Hitchin
81%
East Coast main line Hatfield
79%
West Coast main line Hemel Hempstead
79%
Midland main line St Albans City
79%
Hertford Loop line Hertford North
78%
East Coast main line Potters Bar
75%
West Anglia main line Broxbourne
73%
Midland main line Harpenden
73%
West Coast main line Tring
73%
Hertford East branch line Ware
73%
Watford DC line Watford High Street
73%
Cambridge line Letchworth Garden City
72%
Cambridge line Royston
69%
Abbey line St Albans Abbey
69%
West Coast main line Bushey
67%
West Anglia main line Cheshunt
67%
West Anglia main line Bishop's Stortford
64%
East Coast main line Knebworth
64%
West Coast main line Berkhamsted
61%
Midland main line Elstree & Borehamwood
61%
Abbey line Watford North
61%
East Coast main line Welwyn North
61%
Cambridge line Baldock
60%
Midland main line Radlett
60%
London-Aylesbury line Rickmansworth
60%
East Coast main line Brookmans Park
57%
London-Aylesbury line Chorleywood
54%
Hertford Loop line Cuffley
54%
Abbey line Bricket Wood
52%
West Coast main line Kings Langley
52%
Hertford East branch line Rye House
51%
West Anglia main line Waltham Cross
51%
Hertford Loop line Watton-at-Stone
51%
West Anglia main line Sawbridgeworth
49%
Hertford East branch line St Margarets
49%
East Coast main line Welham Green
48%
West Coast main line Apsley
46%
Hertford Loop line Bayford
45%
Watford DC line Carpenders Park
43%
Lea Valley lines Theobalds Grove
43%
Abbey line How Wood
42%
Abbey line Park Street
42%
Abbey line Garston
40%
No matching quizzes found
Score Distribution
Percent of People with Each Score
Percentile by Number Answered
Your Score History
You have not taken this quiz